Geographic price interdependence and the extent of economic markets.

Analýza vymedzenia hospodárskeho trhu rozšírená o aspekt priestorového oligopolu. Uplatnenie dynamickej analýzy údajov o cenách na preskúmanie dôkazov o geografickom vymedzení trhu v súdnom spore o konkurencii.

Enregistré dans:
Détails bibliographiques
Auteur principal: Benson, B.L
Autres auteurs: Faminow, M.D
Format: Chapitre de livre
Langue:anglais
Sujets:
Tags: Ajouter un tag
Pas de tags, Soyez le premier à ajouter un tag!

MARC

LEADER 00000naa a2200000 4500
001 r001689
005 20220909074232.3
041 0 |a eng 
044 |a US 
245 1 0 |a Geographic price interdependence and the extent of economic markets.  |c B.L. Benson, M.D. Faminow 
520 |a Analýza vymedzenia hospodárskeho trhu rozšírená o aspekt priestorového oligopolu. Uplatnenie dynamickej analýzy údajov o cenách na preskúmanie dôkazov o geografickom vymedzení trhu v súdnom spore o konkurencii. 
610 2 0 |a trh 
610 2 0 |a ceny 
610 2 0 |a ekonomika priestorová 
610 2 0 |a teória konkurencie 
610 2 0 |a oligopoly 
610 2 0 |a konkurencia 
610 2 0 |a modely ekonomicko-matematické 
610 2 0 |a testovanie hypotéz 
610 2 0 |a spory súdne 
100 1 |a Benson, B.L. 
700 1 |a Faminow, M.D.